Переписка с разными лицами и местами

Доступно только в Электронных читальных залах Найти на картеНа карте
RUSMARC
00003726nmc2a22002413x 450
0019d136ac5-6da5-42f9-9eaa-76c1c8375651
00520210713091843.0
100##$a20210209l19011901k l0rusy0189 ca
1010#$arus
102##$aRU
105##$ay###
1222#$ad
2001#$aПереписка с разными лицами и местами
$j16 января - 13 декабря 1901 г.
215##$a25 л.
$d36,5х26 см
251##$cДело
300##$aПо репертуарному отделению Санкт-Петербургской конторы Дирекции императорских театров
371##$aДокумент не является опубликованным и широко распространяемым
461#0$10019264ebf8-de62-4f1a-9eb4-9f22098dbbd5
$12001
$aДирекция императорских театров МИДв
$1251
$cФонд
$1852
$j497
462#0$1001ff15f5e8-b5fa-4fe1-bbcd-275cd0305ec2
$12001
$aДела Санкт-Петербургской конторы Дирекции императорских театров и дела Московской конторы Дирекции императорских театров
$1251
$cОпись
$1852
$j10
801#0$aRU
$bРГИА
$c20210209
$gRCR
801#1$aRU
$bГлавНИВЦ
$c20210209
$2rusmarc
801#2$aRU
$bПБ им. Б.Н. Ельцина
$c20210713
$gRCR
$2rusmarc
850##$aРГИА
852##$aРГИА
$eФедеральное казенное учреждение "Российский государственный исторический архив" (РГИА)
$j712
937##$hРГИА
$d12357572
$aASBIBLIO_SCAN
035##$aRusGRCC00022243
856##$uhttp://readingroom.main.prlib.ru/item.aspx?id_node=n165941420&mode=full
Формат отображения